[Event "ISR-ch op"]
[Site "Acre"]
[Date "2024.01.21"]
[Round "1"]
[White "Khairova, Evelina"]
[Black "Efroimski, Marsel"]
[Result "0-1"]
[WhiteElo "1547"]
[BlackElo "2434"]
[PlyCount "78"]
[EventDate "2024.01.21"]
[EventType "swiss"]
[EventRounds "9"]
[EventCountry "ISR"]
[SourceTitle "CB05_2024"]
[SourceDate "2024.01.31"]
[SourceVersion "1"]
[SourceVersionDate "2024.01.31"]
[SourceQuality "1"]

1. d4 e6 2. c4 b6 3. Nc3 Bb7 4. e4 Bb4 5. Bd3 f5 6. Qe2 Nf6 7. Bg5 fxe4 8. Bxe4 Bxe4 9. Bxf6 Qxf6 10. Qxe4 0-0 11. f3 Nc6 12. Nge2 Bxc3+ 13. bxc3 Na5 14. Qd3 Qf5 15. Kd2 Qg5+ 16. Kc2 Qxg2 17. Raf1 Qh3 18. Rhg1 Qf5 19. Qxf5 Rxf5 20. Kd3 Raf8 21. f4 Nb7 22. Rg4 Nd6 23. Rfg1 R8f7 24. h4 Ra5 25. Rb1 Rxa2 26. Rb4 a5 27. Rb1 Nxc4 28. Kxc4 Rxe2 29. Kb5 Rc2 30. Rb3 Rf5+ 31. Ka6 a4 32. Ra3 b5 33. Rg5 Rxg5 34. hxg5 c6 35. f5 exf5 36. d5 Kf7 37. dxc6 dxc6 38. Kb6 Kg6 39. Kxc6 b4 0-1

[Event "ISR-chT (Women)"]
[Site "Ramat Gan"]
[Date "2023.07.07"]
[Round "3.2"]
[White "Levitan, Ronit"]
[Black "Khairova, Evelina"]
[Result "1-0"]
[WhiteElo "2150"]
[BlackElo "1401"]
[PlyCount "139"]
[EventDate "2023.07.06"]
[EventType "team-swiss"]
[EventRounds "5"]
[EventCountry "ISR"]
[SourceTitle "CBM 215 Extra"]
[Source "ChessBase"]
[SourceDate "2023.09.30"]
[SourceVersion "1"]
[SourceVersionDate "2023.09.30"]
[SourceQuality "1"]
[WhiteTeam "Haifa Nesher (W)"]
[BlackTeam "Ramat Gan Malkot Etude (W)"]
[WhiteTeamCountry "ISR"]
[BlackTeamCountry "ISR"]

1. e4 e6 2. d4 d5 3. Nd2 c5 4. exd5 Qxd5 5. Ngf3 cxd4 6. Bc4 Qd6 7. 0-0 Nf6 8. Re1 Nc6 9. Ne4 Nxe4 10. Rxe4 Be7 11. Nxd4 f5 12. Bf4 e5 13. Nxc6 fxe4 14. Qh5+ g6 15. Qxe5 Qxe5 16. Bxe5 Rf8 17. Nxe7 Kxe7 18. Rd1 Rf5 19. Bd6+ Kf6 20. Bd5 Rxd5 21. Rxd5 Be6 22. Rd4 Bxa2 23. Rxe4 Bb1 24. Re2 Rc8 25. Be5+ Kf7 26. c3 Rd8 27. Bd4 a6 28. Re1 Bf5 29. f3 h5 30. Kf2 Rd5 31. h3 Rb5 32. Re2 Rd5 33. g4 hxg4 34. hxg4 Bd3 35. Rd2 Bb1 36. Ke3 Rd7 37. Rh2 g5 38. Rh1 Bc2 39. Kd2 Bg6 40. Re1 Re7 41. Ra1 Re6 42. c4 Rd6 43. Kc3 Bh7 44. Ra5 Kg6 45. Be3 Kf7 46. Rd5 Rxd5 47. cxd5 Kf6 48. Kd4 Bg8 49. f4 gxf4 50. Bxf4 Bf7 51. Kc5 Ke7 52. Kd4 Kf6 53. Bd2 Bg8 54. Ke4 Bh7+ 55. Kf4 Bc2 56. g5+ Ke7 57. Ke5 Bg6 58. Bb4+ Kd7 59. Kf6 Be4 60. d6 b5 61. g6 a5 62. Bxa5 Kxd6 63. Kf7 Bd5+ 64. Kf8 Kc5 65. Bc3 b4 66. Bf6 b3 67. g7 Kd6 68. g8Q Bxg8 69. Kxg8 Ke6 70. Bc3 1-0

[Event "Rishon Le Ziyyon-ch U18"]
[Site "Rishon Le Ziyyon"]
[Date "2023.03.29"]
[Round "2"]
[White "Khairova, Evelina"]
[Black "Eden, Dana"]
[Result "1-0"]
[WhiteElo "1435"]
[BlackElo "1127"]
[PlyCount "55"]
[EventDate "2023.03.28"]
[EventType "swiss"]
[EventRounds "9"]
[EventCountry "ISR"]
[SourceTitle "CBM 213 Extra"]
[Source "ChessBase"]
[SourceDate "2023.05.31"]
[SourceVersion "1"]
[SourceVersionDate "2023.05.31"]
[SourceQuality "1"]

1. d4 Nf6 2. c4 g6 3. Nc3 Bg7 4. e4 d6 5. h3 0-0 6. Nf3 e5 7. d5 Na6 8. Bd3 Nh5 9. 0-0 Nf4 10. Kh2 Nxd3 11. Qxd3 f5 12. Qe2 f4 13. Rg1 Qd7 14. g4 Bf6 15. Bd2 h5 16. Rg2 hxg4 17. hxg4 Qh7+ 18. Kg1 Qh3 19. Rh2 Qxg4+ 20. Kh1 Kg7 21. Rg1 Qd7 22. Nh4 Bxh4 23. Qh5 Qe8 24. Rxh4 Rh8 25. Rxg6+ Kf7 26. Rh6+ Ke7 27. Qg5+ Kd7 28. Rxh8 1-0

[Event "EU-ch U08 Girls"]
[Site "Bratislava"]
[Date "2019.08.06"]
[Round "5"]
[White "Khairova, Evelina"]
[Black "Day, Sophia Olivia"]
[Result "1-0"]
[WhiteElo "1321"]
[BlackElo "1104"]
[PlyCount "41"]
[EventDate "2019.08.02"]
[EventType "swiss"]
[EventRounds "9"]
[EventCountry "SVK"]
[SourceTitle "EXT 2020"]
[Source "ChessBase"]
[SourceDate "2019.10.17"]
[SourceVersion "1"]
[SourceVersionDate "2019.10.17"]
[SourceQuality "1"]

1. e4 e5 2. Nf3 Nc6 3. Bc4 Nf6 4. Ng5 d5 5. exd5 Na5 6. Bb5+ c6 7. dxc6 bxc6 8. Qf3 Be7 9. Nc3 0-0 10. Ba4 h6 11. Nge4 Re8 12. 0-0 Ba6 13. d3 Rc8 14. Qg3 Bb4 15. Bxh6 g6 16. Bg5 Be7 17. Qh4 Nxe4 18. Nxe4 Bxg5 19. Nxg5 Nb7 20. Qh7+ Kf8 21. Qxf7# 1-0